[Event "Poznan op-A"]
[Site "Poznan"]
[Date "2003.07.07"]
[Round "1"]
[White "Przybylski, Bartosz"]
[Black "Stets, Dmitry"]
[Result "1/2-1/2"]
[WhiteElo "2090"]
[BlackElo "2399"]
[PlyCount "81"]
[EventDate "2003.07.07"]
[EventType "swiss"]
[EventRounds "9"]
[EventCountry "POL"]
[SourceTitle "CBM 095 Extra"]
[Source "ChessBase"]
[SourceDate "2003.09.04"]
[SourceVersion "1"]
[SourceVersionDate "2003.09.04"]
[SourceQuality "1"]

1. e4 c5 2. Nc3 Nc6 3. g3 g6 4. Bg2 Bg7 5. d3 e6 6. Nge2 Nge7 7. 0-0 0-0 8. Be3 Nd4 9. f4 d6 10. g4 f5 11. gxf5 exf5 12. Ng3 Be6 13. Kh1 Qd7 14. Nd5 Ndc6 15. c3 Kh8 16. Nxe7 Nxe7 17. Qd2 Rae8 18. d4 fxe4 19. Bxe4 Bd5 20. Bg1 Bxe4+ 21. Nxe4 Qc6 22. Qg2 cxd4 23. cxd4 Nf5 24. Ng3 Nxd4 25. Rad1 Qxg2+ 26. Kxg2 Ne2 27. Nxe2 Rxe2+ 28. Rf2 Rxf2+ 29. Bxf2 Kg8 30. Rxd6 Bxb2 31. Bxa7 Ra8 32. Bd4 Rxa2 33. Kg3 b5 34. Bxb2 Rxb2 35. Rd7 Rc2 36. Rb7 Rc5 37. Kf3 Rh5 38. h4 Kf8 39. Kg4 Ke8 40. f5 Rxf5 41. Rxh7 1/2-1/2

[Event "Pocztowiec-ch"]
[Site "Poznan"]
[Date "2001.??.??"]
[Round "?"]
[White "Przybylski, Bartosz"]
[Black "Kierzkowski, Michal"]
[Result "1-0"]
[WhiteElo "1800"]
[BlackElo "1800"]
[PlyCount "69"]
[EventDate "2001.??.??"]
[EventType "swiss"]
[EventRounds "9"]
[EventCountry "POL"]
[SourceTitle "EXT 2006"]
[Source "ChessBase"]
[SourceDate "2005.11.24"]
[SourceVersion "1"]
[SourceVersionDate "2005.11.24"]
[SourceQuality "1"]

1. e4 e5 2. Nf3 Nc6 3. d4 exd4 4. Nxd4 Nf6 5. Nxc6 bxc6 6. Bd3 d5 7. exd5 cxd5 8. 0-0 Be7 9. Bg5 0-0 10. c3 Be6 11. Nd2 c5 12. Qc2 h6 13. Bh4 Rb8 14. b3 Re8 15. Nf3 Nh5 16. Bxe7 Rxe7 17. Ne5 Qc7 18. f4 Nxf4 19. Rxf4 Qxe5 20. Raf1 Qe3+ 21. Kh1 Reb7 22. Bf5 Re8 23. R4f3 Qe5 24. Qf2 Rc7 25. Re1 Qd6 26. Rf1 f6 27. Bb1 Rce7 28. Qc2 Kf8 29. Rg3 Bg8 30. Qg6 Qc7 31. Rxf6+ Rf7 32. Qxg7+ Ke7 33. Re3+ Kd8 34. Rxe8+ Kxe8 35. Qxg8+ 1-0